Statystyki dla Herby Polskich Miast i Województw

Kliknij tutaj aby rozwiązać quiz!

Ogólne statystyki

  • Ten quiz został rozwiązany 328 razy
  • Średni wynik to 54 z 167

Statystyki odpowiedzi

Odpowiedź% Poprawnych
Warszawa
99%
Łódź
94%
Kraków
90%
Wrocław
89%
Gdańsk
88%
Poznań
85%
Katowice
84%
Szczecin
84%
Lublin
80%
Gdynia
76%
Białystok
75%
Kielce
75%
Toruń
74%
Bydgoszcz
73%
Rzeszów
71%
Radom
65%
Gliwice
62%
Częstochowa
59%
Sosnowiec
58%
Zabrze
58%
Olsztyn
57%
Opole
55%
Świnoujście
53%
Zielona Góra
53%
Polska
52%
Bielsko-Biała
51%
Bytom
51%
Gorzów Wielkopolski
51%
Mielec
50%
Tarnów
50%
Elbląg
47%
Jelenia Góra
47%
Rybnik
47%
Stalowa Wola
46%
Koszalin
44%
Tychy
42%
Chorzów
41%
Konin
41%
Wałbrzych
41%
Płock
40%
śląskie
40%
mazowieckie
39%
Dąbrowa Górnicza
38%
dolnośląskie
38%
lubelskie
38%
opolskie
38%
podlaskie
38%
Słupsk
38%
Jastrzębie-Zdrój
37%
Legnica
37%
małopolskie
37%
podkarpackie
37%
pomorskie
37%
wielkopolskie
37%
Kalisz
36%
lubuskie
36%
Ruda Śląska
36%
świętokrzyskie
36%
zachodniopomorskie
36%
Gniezno
35%
Grudziądz
35%
kujawsko-pomorskie
35%
łódzkie
35%
Piła
35%
Kędzierzyn-Koźle
34%
Przemyśl
34%
warmińsko-mazurskie
34%
Chełm
33%
Włocławek
33%
Sopot
32%
Leszno
31%
Nowy Sącz
31%
Siedlce
31%
Tarnobrzeg
31%
Bełchatów
30%
Głogów
30%
Łomża
30%
Lubin
30%
Mysłowice
30%
Jaworzno
29%
Zamość
29%
Biała Podlaska
28%
Piotrków Trybunalski
28%
Pruszków
27%
Suwałki
26%
Tarnowskie Góry
25%
Stargard
24%
Świdnica
24%
Kołobrzeg
23%
Piekary Śląskie
23%
Racibórz
23%
Siemianowice Śląskie
23%
Wodzisław Śląski
23%
Zawiercie
23%
Inowrocław
22%
Pabianice
21%
Tomaszów Mazowiecki
21%
Chojnice
20%
Piaseczno
20%
Puławy
20%
Skarżysko-Kamienna
20%
Żory
20%
Brzeg
19%
Krosno
19%
Ostrów Wielkopolski
19%
Świętochłowice
19%
Ciechanów
18%
Legionowo
18%
Radomsko
18%
Sieradz
18%
Skierniewice
18%
Szczecinek
18%
Tczew
18%
Żyrardów
18%
Żywiec
18%
Augustów
17%
Ełk
17%
Kutno
17%
Nowa Sól
17%
Ostrołęka
17%
Ostrowiec Świętokrzyski
17%
Police
17%
Świdnik
17%
Wejherowo
17%
Zduńska Wola
17%
Bolesławiec
16%
Mikołów
16%
Myszków
16%
Nysa
16%
Oświęcim
16%
Rumia
16%
Starachowice
16%
Dębica
15%
Malbork
15%
Otwock
15%
Sanok
15%
Zgierz
15%
Będzin
14%
Chrzanów
14%
Cieszyn
14%
Jasło
14%
Kwidzyn
14%
Mińsk Mazowiecki
14%
Nowy Targ
14%
Oława
14%
Pruszcz Gdański
14%
Czechowice-Dziedzice
13%
Iława
13%
Lębork
13%
Knurów
12%
Kraśnik
12%
Luboń
12%
Oleśnica
12%
Starogard Gdański
12%
Wołomin
12%
Września
12%
Ząbki
12%
Grodzisk Mazowiecki
11%
Marki
11%
Sochaczew
11%
Dzierżoniów
10%
Olkusz
10%
Ostróda
10%
Jarosław
9%
Mława
9%
Żary
9%
Czeladź
8%

Rozkład punktacji

Percentyl według liczby udzielonych odpowiedzi

Procent ludzi z każdym wynikiem

Twoja historia wyników

Nie rozwiązałeś tego quizu